[Event "US-ch Women 2019"]
[Site "Saint Louis"]
[Date "2019.03.25"]
[Round "6.4"]
[White "Foisor, Sabina-Francesca"]
[Black "Wang, Annie"]
[Result "0-1"]
[WhiteElo "2276"]
[BlackElo "2304"]
[Annotator "RC"]
[PlyCount "70"]
[EventDate "2019.03.20"]
[EventType "swiss"]
[EventCountry "USA"]
[SourceTitle "playchess.com"]
[Source "ChessBase"]
[SourceQuality "1"]
[TimeControl "5400+30"]

1. d4 {[%emt 0:00:00]} Nf6 {[%emt 0:00:00]} 2. Nf3 {[%emt 0:00:00]} e6 {[%emt 0:00:00]} 3. c4 {[%emt 0:00:00]} d5 {[%emt 0:00:00]} 4. Nc3 {[%emt 0:00:00]} Be7 {[%emt 0:00:00]} 5. Bf4 {[%emt 0:00:00]} O-O {[%emt 0:00:06]} 6. a3 {[%emt 0:00:01]} b6 {[%emt 0:01:14]} 7. e3 {[%emt 0:00:20]} Bb7 {[%emt 0:01:21]} 8. cxd5 {[%emt 0:00:25]} exd5 {[%emt 0:03:17]} 9. Bd3 {[%emt 0:04:26]} c5 {[%emt 0:01:40]} 10. O-O {[%emt 0:01:37]} Nbd7 {[%emt 0:01:04]} 11. Rc1 {[%emt 0:01:31]} Ne4 {[%emt 0:04:26]} 12. Nd2 {[%emt 0:12:57]} Ndf6 {[%emt 0:04:31]} 13. dxc5 {[%emt 0:02:42]} Nxd2 {[%emt 0:06:51]} 14. Qxd2 {[%emt 0:00:08]} bxc5 {[%emt 0:00:08]} 15. Na4 {[%emt 0:08:01]} Rc8 {[%emt 0:04:00]} 16. Bf5 {[%emt 0:02:06]} Rc6 {[%emt 0:01:15]} 17. Nc3 {[%emt 0:03:24]} d4 {[%emt 0:07:19]} 18. exd4 {[%emt 0:18:43]} cxd4 {[%emt 0:00:10]} 19. Ne2 {[%emt 0:00:19]} Qd5 {[%emt 0:02:53]} 20. Bh3 {[%emt 0:00:31]} Rxc1 {[%emt 0:17:18]} 21. Rxc1 {[%emt 0:03:37]} g5 {[%emt 0:02:12]} 22. Bg3 {[%emt 0:08:53]} g4 {[%emt 0:01:39]} 23. Nf4 {[%emt 0:01:46]} Qf5 {[%emt 0:03:12]} 24. Bxg4 {[%emt 0:02:04]} Nxg4 {[%emt 0:02:04]} 25. h3 {[%emt 0:00:31]} Ne5 {[%emt 0:04:53]} 26. Rc7 {[%emt 0:02:23]} Bxg2 {[%emt 0:01:25]} 27. Kxg2 {[%emt 0:02:57]} Qe4+ {[%emt 0:00:09]} 28. f3 {[%emt 0:00:20]} Qxf3+ {[%emt 0:00:17]} 29. Kh2 {[%emt 0:00:04]} Qf1 {[%emt 0:00:32]} 30. Qe2 {[%emt 0:07:03]} Nf3+ {[%emt 0:00:15]} 31. Qxf3 {[%emt 0:00:03]} Qxf3 {[%emt 0:00:09]} 32. Rxe7 {[%emt 0:00:03]} Rc8 {[%emt 0:00:36]} 33. Re2 {[%emt 0:01:16]} d3 {[%emt 0:00:10]} 34. Rg2 {[%emt 0:00:46]} Rc2 {[%emt 0:01:13]} 35. Be1+ {[%emt 0:05:13]} Kf8 {[%emt 0:00:56]} 0-1

[Event "US-ch Women 2019"]
[Site "Saint Louis"]
[Date "2019.03.25"]
[Round "6.5"]
[White "Yip, Carissa"]
[Black "Sharevich, Anna"]
[Result "1/2-1/2"]
[WhiteElo "2279"]
[BlackElo "2282"]
[Annotator "TA"]
[PlyCount "152"]
[EventDate "2019.03.20"]
[EventType "swiss"]
[EventCountry "USA"]
[SourceTitle "playchess.com"]
[Source "ChessBase"]
[SourceQuality "1"]

{[%evp 18,152,14,18,15,-4,0,-8,-9,-24,3,-32,-26,-34,32,36,27,28,33,18,17,17,39,37,34,38,64,51,63,64,66,66,66,66,59,59,98,66,66,8,8,8,8,9,10,8,8,-217,-204,-210,-207,-196,-191,-201,-214,-227,-193,-152,-146,-163,-148,-262,-172,-268,-266,-250,-12,-16,-20,-31,-8,-12,-8,-8,-8,-8,-8,-70,-70,-70,-70,-70,-70,-75,-75,-75,-70,-70,-70,-70,-70,-129,-70,-140,-51,-51,-51,-51,-12,-51,-51,-51,-51,-51,-51,-51,-51,-51,0,-51,0,-51,-12,-12,-12,-12,-12,-12,-12,-12,-12,-12,-12,-12,-12,-12,-8,-12,0,-12,-8,-8,-8,-8,-8,-8,-8]} 1. e4 c5 2. Nf3 e6 3. d4 cxd4 4. Nxd4 a6 5. Nc3 Qc7 6. g3 Bb4 7. Bd2 Nf6 8. Bg2 Nc6 9. Nxc6 dxc6 10. O-O Be7 {B43: Sicilian: Kan Variation: 5 Nc3} (10... a5 11. a3 Be7 12. Be3 b5 13. e5 Nd5 14. Bd4 Nxc3 15. Bxc3 Bb7 16. Qd2 O-O 17. Rfd1 Rfd8 18. Qe1 {½-½ (35) Galdunts,S (2424)-Hera,I (2619) Germany 2018}) 11. Qe2 e5 12. Nd1 Bg4 13. f3 Be6 14. Ne3 Bc5 $146 15. b4 Bxe3+ (15... Bd4 $15) 16. Bxe3 $14 O-O 17. Rfd1 Rfd8 18. a3 Rxd1+ 19. Rxd1 Rd8 20. Rxd8+ Qxd8 21. Qd3 Qd7 22. Bc5 b5 23. f4 Bc4 24. Qxd7 Nxd7 {[%mdl 4096] Endgame KBB-KBN} 25. Bd6 exf4 $1 26. gxf4 Nb6 27. Bc5 Nd7 28. e5 (28. Bd4 $14) 28... Bd5 $11 29. Bxd5 cxd5 {KB-KN} 30. Kf2 Nb8 31. Ke3 Nc6 $1 32. c4 $2 (32. f5 $11) 32... dxc4 $19 ({Not} 32... bxc4 33. a4 $16) 33. Ke4 {White wants to play Kd5.} g6 34. Kd5 Nd8 35. Be3 Kf8 $1 36. Kc5 Ke7 37. Kb6 Kd7 38. Kxa6 Kc6 39. a4 (39. Bd2 $17) 39... bxa4 40. b5+ (40. Bc1 $142) 40... Kd5 41. Bc1 {intending Ka5.} Ne6 $2 (41... c3 $1 $19 42. Ka5 Ne6) 42. Ba3 $1 $11 c3 43. b6 $1 {[%cal Rb6b7]} Nd8 {...Kc4 is the strong threat.} 44. Kb5 c2 45. Kxa4 Kc6 46. Kb3 Ne6 {Threatens to win with ...Nd4+.} 47. Kxc2 ({White should try} 47. Bc1 $11) 47... Nxf4 $15 48. Bc1 Nd5 49. Kd3 Nxb6 {And now ...Kd5 would win.} 50. Ke4 Kd7 51. Be3 Nc8 52. Bd2 Ke6 53. Be3 Ne7 54. Bf4 {[#]} (54. h4 $15) 54... Nc6 (54... Nd5 $1 $17 {[%cal Rd5f4]} 55. Bd2 Nb6) 55. h3 {[#]} (55. h4 $15) 55... h5 (55... Na5 $1 $17 {aiming for ...Nc4.} 56. Bg5 Nc6) 56. h4 Ne7 57. Bd2 Nd5 58. Be1 Nb6 59. Bd2 Nd7 60. Bc3 Nb8 61. Be1 Nc6 62. Bc3 Ne7 63. Bd2 Nd5 64. Be1 f6 65. exf6 {The position is equal.} Nxf6+ 66. Kf4 Nd5+ 67. Ke4 Ne7 68. Bf2 Nf5 69. Be1 Nh6 70. Kf4 Nf7 71. Ke4 Kd6 72. Bg3+ Ke6 73. Be1 g5 74. hxg5 Nxg5+ 75. Kf4 Nf7 76. Bc3 $1 Nd6 {Accuracy: White = 61%, Black = 59%.} 1/2-1/2

[Event "US-ch Women 2019"]
[Site "Saint Louis"]
[Date "2019.03.25"]
[Round "6.6"]
[White "Gorti, Akshita"]
[Black "Nguyen, Emily"]
[Result "1-0"]
[WhiteElo "2272"]
[BlackElo "2143"]
[Annotator "TA"]
[PlyCount "73"]
[EventDate "2019.03.20"]
[EventType "swiss"]
[EventCountry "USA"]
[SourceTitle "playchess.com"]
[Source "ChessBase"]
[SourceQuality "1"]

{[%evp 18,73,27,0,34,-8,0,-4,-2,-54,-42,-76,-77,-38,78,27,80,71,118,138,144,137,231,55,159,132,139,125,237,254,814,813,785,576,566,542,548,541,535,522,639,567,579,564,564,557,554,534,551,538,624,624,616,614,806,793,1333,690]} 1. Nf3 d5 2. e3 Nf6 3. c4 c6 4. Nc3 a6 5. h3 g6 6. d4 Bg7 7. Bd3 O-O 8. O-O dxc4 {D94: Grünfeld: 4 Nf3 Bg7 5 e3} (8... b5 9. b3 Nbd7 10. Bb2 bxc4 11. bxc4 dxc4 12. Bxc4 c5 13. Rb1 cxd4 14. Nxd4 Ne5 15. Be2 Bb7 16. Na4 {1-0 (55) Fedoseev,V (2724)-Artemiev,V (2697) Moscow 2018}) 9. Bxc4 b5 10. Bd3 {LiveBook: 14 Games} Bb7 {The position is equal.} (10... c5 $5) 11. Qe2 Nbd7 12. e4 $146 ({Predecessor:} 12. Rd1 Qc7 13. e4 c5 14. d5 c4 15. Bc2 Nh5 16. a3 {0-1 (24) Komic,I (2215)-Ascic,P (2369) Pula 2008}) 12... c5 {White must now prevent ...cxd4.} 13. e5 (13. Rd1 $11) 13... Nd5 14. e6 Nxc3 $1 15. bxc3 fxe6 (15... Bxf3 $1 $15 {stays ahead.} 16. Qxf3 fxe6) 16. Ng5 (16. Qxe6+ $16 Kh8 17. Be4 Bxe4 18. Qxe4) 16... Qb6 (16... e5 $11) 17. Nxe6 $16 Qc6 {[%csl Gb7][%cal Rc6g2] [#]} 18. f3 $1 c4 19. Bc2 $36 {[%mdl 2048] Black is under strong pressure.} Rfe8 {[#]} (19... Rf7 $16 20. Ng5 Nf6 21. Nxf7 Kxf7) 20. Bf4 $2 ({White should try} 20. f4 $1 $18) 20... Rac8 (20... Be5 $1 $14) 21. Rae1 Bf6 22. Qf2 Ba8 (22... Nf8 $16 {might work better.}) 23. Qg3 $18 Qb6 $2 {[#]} (23... Nf8) 24. Bxg6 $1 {[%mdl 512] White is clearly winning.} Kh8 (24... hxg6 25. Qxg6+) 25. Bxe8 Rxe8 26. Bg5 {White wants to mate with Bxf6+.} Rg8 27. Bxf6+ Nxf6 28. Qc7 Nd5 29. Qxb6 Nxb6 30. Nc7 Na4 31. Re3 Bb7 32. Rc1 Rg7 33. Ne6 Rg8 34. Nc5 Nxc5 35. dxc5 Rg5 36. Rd1 Rxc5 37. Rd8+ {Precision: White = 37%, Black = 22%.} 1-0

[Event "US-ch Women 2019"]
[Site "Saint Louis"]
[Date "2019.03.27"]
[Round "7.1"]
[White "Yu, Jennifer"]
[Black "Foisor, Sabina-Francesca"]
[Result "1-0"]
[WhiteElo "2273"]
[BlackElo "2276"]
[Annotator "TA"]
[PlyCount "143"]
[EventDate "2019.03.20"]
[EventType "swiss"]
[EventCountry "USA"]
[SourceTitle "playchess.com"]
[Source "ChessBase"]
[SourceQuality "1"]

{[%evp 9,143,28,38,38,61,55,109,106,85,29,87,91,131,140,137,99,147,152,147,142,154,145,147,116,138,126,161,12,5,10,10,7,41,0,0,-12,-12,-17,-14,-156,-149,-222,-103,-175,-156,-171,-175,-165,-164,-150,-3,-3,-3,-3,-8,-3,0,0,0,0,0,0,14,0,8,8,18,-8,0,0,0,0,0,-8,0,0,0,0,0,0,0,0,0,0,0,0,10,10,33,25,105,105,105,105,175,175,175,85,175,175,175,176,301,322,279,322,248,220,175,175,175,172,161,148,1787,1602,1446,1038,1705,1522,29956,10414,29970,29972,29972,29973,29976,29976,29977,29974,29981,29982,29982,29983,29986,29987]} 1. c4 e5 2. e3 f5 3. d4 e4 4. Nc3 Nf6 5. Nge2 g6 6. Nf4 {A21: English Opening: 1...e5 2 Nc3} Bg7 7. h4 Nc6 $146 (7... Bh6 $14) ({Predecessor:} 7... c6 8. h5 g5 9. h6 Bxh6 10. Rxh6 gxf4 11. exf4 Qe7 {1-0 (35) Silva,F (2351)-Sousa,C (1848) Evora 2007}) 8. h5 $16 {White is better.} Ne7 9. c5 (9. Bd2 $16) 9... g5 (9... d5 $11) 10. h6 gxf4 11. hxg7 Rg8 12. Rxh7 f3 13. Rh6 Ng4 {Threatens to win with ...fxg2.} 14. Rh8 fxg2 15. Bxg2 d5 16. cxd6 $1 Qxd6 17. Qb3 Be6 18. Nb5 ({Much less strong is} 18. Qxb7 $6 Kf7 $14) (18. Rxg8+ $18 Bxg8 19. Qxb7) 18... Bxb3 $11 19. Nxd6+ cxd6 20. axb3 {Black must now prevent Rxg8+.} Kf7 21. Bd2 a6 22. Bb4 Ke6 23. Rxg8 Rxg8 24. Bf1 (24. Bc3 $11) 24... Rxg7 $17 25. Rc1 (25. Bc4+ $17 {might work better.} d5 26. Bf1) 25... Kd7 (25... Rh7 $19 26. Bd2 Rh1) 26. Be2 (26. Ba5 $17 Nc6 27. Bd2) 26... Nd5 27. Ba5 Nh2 28. Bc4 Nf6 29. Be2 {And now Rc7+ would win.} Nf3+ ({Black should play} 29... Ke6 $1 $17 30. Bc4+ d5) 30. Bxf3 $1 $11 Rg1+ 31. Kd2 Rxc1 32. Bxe4 $1 {[%mdl 4096] Endgame KRN-KB} Ra1 33. Bxf5+ Ke7 34. Bc3 a5 35. e4 d5 36. f3 b5 {aiming for ...b4.} 37. b4 a4 38. Kd3 Ne8 39. e5 Ng7 40. Bg4 Ne6 41. Bf5 Rh1 42. Ke3 Rh2 43. Bd3 Nc7 44. f4 Rh3+ 45. Kd2 Rh2+ 46. Ke3 Rh3+ 47. Kd2 Ke6 48. f5+ Kd7 49. Ke2 Kc6 (49... Rh1 $11 {remains equal.}) 50. Bd2 $1 $16 Rh2+ 51. Kd1 Rh4 {[#]} (51... Rf2 $16 {keeps fighting.}) 52. Be3 $1 $18 Kd7 53. Kc2 (53. Be2 $18) 53... Rg4 (53... Rh2+ $16 54. Kc3 Rg2) 54. Be2 Rg2 55. Kd1 Ke7 (55... Kc6 $142 56. Ke1 Rh2) 56. Ke1 Kf7 57. Bf4 Rg1+ {[#]} 58. Kd2 $1 Rg2 59. e6+ Nxe6 60. fxe6+ Kxe6 61. Ke3 Kf5 $2 {[%mdl 8192]} (61... Rg1 $16 62. Bxb5 Rb1 63. Bxa4 Rxb2) 62. Bd6 Ke6 63. Bc5 Rg3+ 64. Kf4 Rb3 65. Bxb5 Rxb2 66. Bxa4 {White mates.} Rf2+ 67. Ke3 Rb2 68. Bc6 Rb1 69. b5 {[%cal Bb4b5,Bb5b6,Bb6b7][%mdl 32]} Kf5 70. b6 Rb3+ 71. Kd2 Ke4 72. b7 {Accuracy: White = 60%, Black = 38%.} 1-0

[Event "US-ch Women 2019"]
[Site "Saint Louis"]
[Date "2019.03.27"]
[Round "7.2"]
[White "Krush, Irina"]
[Black "Zatonskih, Anna"]
[Result "0-1"]
[WhiteElo "2451"]
[BlackElo "2430"]
[Annotator "TA"]
[PlyCount "68"]
[EventDate "2019.03.20"]
[EventType "swiss"]
[EventCountry "USA"]
[SourceTitle "playchess.com"]
[Source "ChessBase"]
[SourceQuality "1"]

{[%evp 11,68,20,19,14,21,10,10,10,10,14,22,19,8,17,21,22,24,18,19,8,31,31,27,8,18,1,16,3,5,12,12,9,6,9,7,0,0,-85,0,0,0,-9,-10,-19,-14,-14,-12,-418,-354,-908,-907,-977,-977,-966,-966,-966,-922,-1033,-1020]} 1. d4 d5 2. c4 e6 3. Nc3 Be7 4. cxd5 exd5 5. Bf4 Nf6 6. e3 Bf5 7. Nge2 {D35: Queen's Gambit Declined: Exchange Variation} O-O 8. Rc1 (8. f3 c5 9. g4 Be6 10. Bg2 Nc6 11. O-O Rc8 12. Bg3 Na5 13. b3 cxd4 14. exd4 Nc6 {½-½ (38) Anand,V (2773)-Fridman,D (2633) St Petersburg 2018}) 8... c6 9. Ng3 {The position is equal.} Bg6 10. h4 {aiming for h5.} h6 11. h5 Bh7 12. Bd3 Bxd3 13. Qxd3 Bd6 14. Bxd6 Qxd6 {[#]} 15. Nf5 $146 Qd7 16. g4 Na6 {[%cal Bb8a6,Ba6c7,Bc7b5,Bb5d6][%mdl 32]} 17. f3 Ne8 18. Kf2 Nd6 19. Rcg1 f6 20. Ne2 {[%cal Bc3e2,Be2g3,Bg3f5][%mdl 32]} Nc7 21. Nxd6 Qxd6 22. Ng3 Qd7 23. Nf5 Nb5 24. b4 {[#]} (24. b3 $11) 24... a6 ({Better is} 24... a5 $1 $17 25. a4 Nd6) 25. Rb1 Nd6 26. Rhc1 a5 {...axb4 is the strong threat.} 27. a4 axb4 28. Rxb4 b5 29. axb5 $2 {[%mdl 8192]} (29. Nxh6+ $11 gxh6 30. Qg6+ {[%mdl 64] Double Attack} Qg7 31. Qxg7+ Kxg7 32. Rxc6) 29... Nxf5 $19 30. gxf5 $2 (30. Rb2 Ne7 31. bxc6 Nxc6 32. Rb6 Ra2+ 33. Rc2) 30... Qd6 {( -> ...Ra2+). Black is clearly winning.} 31. Qd2 {[#]} Ra2 $1 {[%mdl 512]} 32. Qxa2 Qh2+ {[%mdl 64] Double Attack} 33. Kf1 Qxa2 34. bxc6 Qa3 {Accuracy: White = 48%, Black = 85%.} 0-1

[Event "US-ch Women 2019"]
[Site "Saint Louis"]
[Date "2019.03.27"]
[Round "7.3"]
[White "Nguyen, Emily"]
[Black "Abrahamyan, Tatev"]
[Result "1/2-1/2"]
[WhiteElo "2143"]
[BlackElo "2377"]
[Annotator "TA"]
[PlyCount "81"]
[EventDate "2019.03.20"]
[EventType "swiss"]
[EventCountry "USA"]
[SourceTitle "playchess.com"]
[Source "ChessBase"]
[SourceQuality "1"]

{[%evp 22,81,0,0,16,0,3,-27,-26,-27,-25,-27,-25,-20,-27,-20,-16,-21,0,-11,9,14,22,11,20,15,46,38,40,29,29,22,26,37,31,0,0,0,0,7,16,0,17,18,16,13,20,0,0,0,28,50,32,0,0,0,0,0,0,0,7,0]} 1. d4 Nf6 2. Nf3 e6 3. c4 b6 4. g3 Bb7 5. Bg2 Be7 6. O-O O-O 7. Nc3 Ne4 8. Qc2 Nxc3 9. Qxc3 d6 10. Qc2 f5 11. Ne1 Bxg2 12. Nxg2 Qd7 {E19: Queen's Indian: Old Main Line with 7...Ne4 8 Qc2 Nxc3 8 Qxc3} 13. Rd1 Bf6 14. e4 fxe4 $146 {Black has an edge.} 15. Qxe4 Nc6 {[%cal Bb8c6,Bc6e5,Be5c4][%mdl 32]} 16. d5 exd5 17. cxd5 Ne5 18. Nf4 Qg4 19. Qe2 Qxe2 20. Nxe2 Nc4 21. Rb1 b5 22. b3 Nb6 23. Be3 Rfe8 24. Rbc1 Re7 25. Kf1 Kf7 26. h4 Ke8 27. Rd2 Kd7 28. Nc3 Bxc3 $1 29. Rxc3 Re5 30. Bxb6 axb6 $11 {[%mdl 4096] Endgame KRR-KRR} 31. Rf3 Ke7 32. Rf4 Ra5 33. Rb4 Kd7 34. f4 Re7 35. Kf2 Re8 36. Kf3 Rea8 37. Rd3 (37. f5 $5 {[%cal Rb4g4]}) 37... Rxa2 {The position is equal.} 38. Rxb5 Rb2 39. Rb4 Re8 40. Rc4 Re7 41. Rdc3 {Accuracy: White = 60%, Black = 55%.} 1/2-1/2

[Event "US-ch Women 2019"]
[Site "Saint Louis"]
[Date "2019.03.27"]
[Round "7.4"]
[White "Wang, Annie"]
[Black "Gorti, Akshita"]
[Result "1-0"]
[WhiteElo "2304"]
[BlackElo "2272"]
[Annotator "TA"]
[PlyCount "81"]
[EventDate "2019.03.20"]
[EventType "swiss"]
[EventCountry "USA"]
[SourceTitle "playchess.com"]
[Source "ChessBase"]
[SourceQuality "1"]

{[%evp 9,81,34,43,14,22,19,11,18,18,8,15,14,16,12,14,0,0,0,0,0,51,54,48,62,90,85,175,185,170,164,172,166,173,173,223,232,300,308,375,375,346,353,399,378,471,459,459,440,844,842,820,793,838,733,741,707,1805,733,1298,372,479,319,899,949,891,846,3186,2986,2592,2340,1952,523,1741,1618]} 1. d4 e6 2. c4 Nf6 3. Nc3 Bb4 4. Qc2 b6 5. e4 c5 6. d5 {E32: Nimzo-Indian: Classical (4 Qc2): 4...0-0} Qe7 7. Nge2 exd5 8. exd5 {The position is equal.} d6 9. Bd2 O-O 10. f3 Re8 $146 ({Predecessor:} 10... Ba6 11. O-O-O Bxc4 12. Ng3 Bxf1 13. Rhxf1 Nbd7 {1-0 (48) Dreev,A (2652)-Moussard,J (2567) Bastia 2017}) 11. O-O-O Nbd7 12. Ng3 Qd8 13. Be2 a6 14. a3 {[%cal Ba2a3,Ba3a4,Ba4a5][%mdl 32]} Bxc3 (14... Ba5 $1 $11) 15. Bxc3 $14 Rb8 16. a4 b5 17. cxb5 Nb6 (17... c4 $16) 18. Bxf6 $1 $18 ({But not} 18. bxa6 $6 Nfxd5 19. Bb5 Bd7 $14) 18... Qxf6 {[#]} 19. a5 $1 $36 {[%mdl 2048] White has strong initiative.} Nd7 20. Ne4 ({Don't play} 20. bxa6 $6 Qd8 $11) 20... Qe5 {[#]} 21. b6 $1 ({Don't take} 21. bxa6 $6 f5 $16) 21... Bb7 22. Qd2 c4 23. Qd4 f5 24. Qxe5 Rxe5 25. Nc3 Rc8 26. Rd4 Rc5 27. Rxc4 Rxa5 {Threatens to win with ...Ra1+.} 28. Rc7 $1 {[%csl LRb7,LRd7]} Ra1+ (28... Nxb6 $142 29. Rxb7 Ra1+ 30. Nb1 Rxe2) 29. Kd2 Rxh1 30. Rxd7 Bxd5 31. Rxd6 Rxh2 32. Rxd5 {Black must now prevent Rd8+.} Re7 33. Rc5 (33. Bc4 $142 Rxg2+ 34. Kc1 Rg1+ 35. Nd1) 33... Rh6 34. Rc7 $2 (34. Bc4+ Kf8 35. Nd5) 34... Rd6+ 35. Ke1 Re8 $2 (35... Rxe2+ 36. Kxe2 Rxb6) 36. b7 {White is clearly winning.} Rb6 37. Rc8 Kf8 38. Rxe8+ Kxe8 {[#]} 39. Bxa6 $1 {[%mdl 512]} Kd7 (39... Rxa6 40. b8=Q+) 40. Kf1 (40. b4 $142 {And now Nd5 would win.} Re6+ 41. Kd2) 40... g6 {[#]} 41. b4 $1 {Accuracy: White = 79%, Black = 32%.} 1-0

[Event "US-ch Women 2019"]
[Site "Saint Louis"]
[Date "2019.03.27"]
[Round "7.5"]
[White "Eswaran, Ashritha"]
[Black "Yip, Carissa"]
[Result "1-0"]
[WhiteElo "2234"]
[BlackElo "2279"]
[Annotator "TA"]
[PlyCount "85"]
[EventDate "2019.03.20"]
[EventType "swiss"]
[EventCountry "USA"]
[SourceTitle "playchess.com"]
[Source "ChessBase"]
[SourceQuality "1"]

{[%evp 18,85,47,0,0,0,35,27,45,38,62,52,162,58,59,54,36,-16,3,-29,0,-302,-284,-273,-287,-307,-302,-302,-305,-291,-293,-287,-260,-245,-233,-238,-205,-252,-217,-265,-228,-236,-195,-326,-291,-281,-105,-400,-89,-87,-78,-66,-76,-69,-67,-85,-80,-71,707,701,848,841,1064,1057,29993,29994,29994,29995,29995,29996]} 1. e4 c5 2. Nf3 d6 3. d4 cxd4 4. Nxd4 Nf6 5. Nc3 Nc6 6. Bg5 e6 7. Qd2 a6 8. O-O-O Bd7 9. f4 b5 {[%cal Bb7b5,Bb5b4][%mdl 32]} 10. Nf3 b4 {B67: Sicilian: Richter-Rauzer: 7...a6 8 0-0-0 Bd7, lines without 9 f4 Be7} 11. Bxf6 $1 gxf6 12. Ne2 h5 {White has an edge.} 13. Kb1 Qc7 $146 ({Predecessor:} 13... Qb6 14. g3 a5 15. Ned4 Nxd4 16. Nxd4 Rc8 17. b3 a4 18. Bc4 Rc5 {0-1 (73) Mastrovasilis,D (2573)-Czarnota,P (2497) Kusadasi 2006}) 14. Ned4 Rb8 (14... Qb6 $14) 15. g3 (15. Bxa6 $18 Nxd4 16. Nxd4) 15... Nxd4 $14 16. Nxd4 a5 {[%cal Ba6a5,Ba5a4][%mdl 32]} 17. Bg2 (17. Ba6 $14) 17... a4 18. Rc1 Bg7 19. f5 $2 {[%mdl 8192]} (19. Rhd1 $11) 19... e5 {...Bh6 is the strong threat.} 20. Ne2 Bh6 {[%mdl 64] [#] Skewer} 21. Qd5 Bxc1 22. Rxc1 Qc5 23. Qd2 Ke7 24. c4 Rhc8 25. Bf3 Qf2 26. Qd3 Rc5 (26... Qxh2 27. Rd1 $14) 27. Rd1 Rc6 28. h4 Rbc8 29. Bxh5 Qb6 30. g4 ({Of course not} 30. Qd5 Be8 $17) (30. b3 {was the only chance.}) 30... Rxc4 $19 31. g5 {Strongly threatening gxf6+.} fxg5 $2 (31... Qc6 $19 32. gxf6+ Kxf6) 32. Qd5 $2 {[%mdl 8192]} (32. hxg5 $17 Qc6 33. f6+ Ke8 34. g6 fxg6 35. Bxg6+ Kd8 36. Qe3) 32... Be8 $2 {[#]} (32... Qc6 $19 {and Black stays clearly on top. And now ...Qxd5 would win.} 33. Qxf7+ Kd8 34. hxg5 a3 35. Qg8+ Be8) 33. f6+ $1 $17 {[%mdl 512]} Kf8 (33... Kxf6 34. Bxf7 Rc1+ 35. Nxc1 $11) 34. Qd2 Qc6 $1 {[%cal Rc6e4]} 35. Qxg5 {[%csl Gf6][%cal Rg5g7]} Qxe4+ {[%mdl 64] Double Attack} 36. Ka1 {[%csl Gf6][%cal Rg5g7]} Qh7 {White must now prevent ...R8c6.} 37. Bg4 Rd8 $2 {[%mdl 8192]} (37... R8c6 $17 38. h5 Qh8) 38. Bf5 $18 Qh8 39. h5 Bc6 40. h6 Be4 41. Qg7+ {White mates.} Qxg7 42. hxg7+ Kg8 43. Bxe4 {Accuracy: White = 58%, Black = 37%.} 1-0

[Event "US-ch Women 2019"]
[Site "Saint Louis"]
[Date "2019.03.27"]
[Round "7.6"]
[White "Sharevich, Anna"]
[Black "Feng, Maggie"]
[Result "1-0"]
[WhiteElo "2282"]
[BlackElo "2199"]
[Annotator "RC"]
[PlyCount "49"]
[EventDate "2019.03.20"]
[EventType "swiss"]
[EventCountry "USA"]
[SourceTitle "playchess.com"]
[Source "ChessBase"]
[SourceQuality "1"]
[TimeControl "5400+30"]

1. d4 {[%emt 0:00:00]} e6 {[%emt 0:00:00]} 2. Bf4 {[%emt 0:00:00]} f5 {[%emt 0:00:48]} 3. e3 {[%emt 0:00:04]} Nf6 {[%emt 0:00:41]} 4. h3 {[%emt 0:00:21]} b6 {[%emt 0:04:29]} 5. Nf3 {[%emt 0:01:55]} Bb7 {[%emt 0:00:18]} 6. Nbd2 {[%emt 0:00:19]} Be7 {[%emt 0:01:17]} 7. Bd3 {[%emt 0:00:48]} O-O {[%emt 0:02:02]} 8. Qe2 {[%emt 0:01:57]} Ne4 {[%emt 0:04:03]} 9. Rg1 {[%emt 0:02:47]} c5 {[%emt 0:03:12]} 10. c3 {[%emt 0:00:50]} d6 {[%emt 0:07:11]} 11. g4 {[%emt 0:02:02]} Kh8 {[%emt 0:03:32]} 12. gxf5 {[%emt 0:01:32]} exf5 {[%emt 0:00:26]} 13. O-O-O {[%emt 0:05:21]} a5 {[%emt 0:07:13]} 14. Bxe4 {[%emt 0:05:52]} fxe4 {[%emt 0:10:01]} 15. Ng5 {[%emt 0:00:28]} Qd7 {[%emt 0:14:33]} 16. Nxh7 {[%emt 0:06:22]} Rf5 {[%emt 0:06:19]} 17. Qg4 {[%emt 0:07:24]} Bd8 {[%emt 0:02:59]} 18. Ng5 {[%emt 0:02:20]} Bxg5 {[%emt 0:02:09]} 19. Bxg5 {[%emt 0:00:08]} Qf7 {[%emt 0:01:33]} 20. Nc4 {[%emt 0:10:13]} cxd4 {[%emt 0:11:16]} 21. Qh4+ {[%emt 0:10:05]} Kg8 {[%emt 0:00:18]} 22. Bh6 {[%emt 0:01:19]} g6 {[%emt 0:00:36]} 23. Nxd6 {[%emt 0:01:34]} Qxa2 {[%emt 0:04:46]} 24. Rxg6+ {[%emt 0:00:39]} Kh7 {[%emt 0:00:10]} 25. Rg7+ {[%emt 0:00:22]} 1-0